Les freres ennemis : Roger Caillois et Claude Levi-Strauss
Αποθηκεύτηκε σε:
| Κύριος συγγραφέας: | |
|---|---|
| Μορφή: | Βιβλίο |
| Γλώσσα: | French |
| Δημοσίευση: |
Paris :
Payot,
1993
|
| Θέματα: | |
| Ετικέτες: |
Προσθήκη ετικέτας
Δεν υπάρχουν, Καταχωρήστε ετικέτα πρώτοι!
|
MARC
| LEADER | 00000nam a2200000 i 4500 | ||
|---|---|---|---|
| 001 | 1/3166 | ||
| 008 | 960311s1977 fre d | ||
| 020 | |a 2-228-88690-4 | ||
| 035 | |l 10015122 | ||
| 040 | |a GR-MY-UA |b gre |e aacr | ||
| 041 | 0 | |a fre | |
| 082 | 0 | |a 306 | |
| 100 | 1 | |a Panoff, Michel. | |
| 245 | 1 | 4 | |a Les freres ennemis : |b Roger Caillois et Claude Levi-Strauss / |c Panoff Michel |
| 260 | |a Paris : |b Payot, |c 1993 | ||
| 300 | |a 193 p. | ||
| 600 | 1 | 0 | |a Caillois, Roger, |d 1913-1978. |
| 600 | 1 | 0 | |a Lévi-Strauss, Claude. |
| 650 | 0 | 0 | |a Structural anthropology. |
| 650 | 0 | 0 | |a Structural anthropology (Literary analysis) |
| 852 | |a INST |b LESVOS |e 19960311 |h 306 PAN |p 005100006900 |q 005100006900 |t BK |y 0 | ||
| 909 | |a Λ |b 044091 | ||
| 922 | |a 1ΔΩΡ |b 199602 |c ΤΚΑ | ||